000 00407cam a2200193 4500
001 D9559
008 090401t1960 xxu||||| |||| 00| 0 eng d
035 _a(Sirsi) u94970
041 _aeng
050 _a526.9
100 _aUsill, S.
245 _aPractical Surveying
250 _a15th
260 _bTechnical Press
_c1960
300 _a471p
350 _a1.25
942 _n0
948 _c04/03/1997
999 _c98242
_d98242